Tamaño, eficiencia y uso de la capacidad instalada en las pequeñas y medianas empresas de la República Dominicana / (Registro nro. 14336)

Detalles MARC
000 -LEADER
fixed length control field 01019nam a2200289 a 4500
001 - CONTROL NUMBER
control field 000026391
003 - CONTROL NUMBER IDENTIFIER
control field DO-SdBNP
005 - DATE AND TIME OF LATEST TRANSACTION
control field 20221121110651.0
007 - PHYSICAL DESCRIPTION FIXED FIELD--GENERAL INFORMATION
fixed length control field ta
008 - FIXED-LENGTH DATA ELEMENTS--GENERAL INFORMATION
fixed length control field 110316s2007 dr a 000 0 spa d
040 ## - CATALOGING SOURCE
Original cataloging agency DO-SdBNP
Language of cataloging spa
Transcribing agency BPMSU
082 #4 - DEWEY DECIMAL CLASSIFICATION NUMBER
Classification number 338.642
Item number G993t 2007
Edition number 22
100 1# - MAIN ENTRY--PERSONAL NAME
Personal name Guzmán, Rolando M.
245 10 - TITLE STATEMENT
Title Tamaño, eficiencia y uso de la capacidad instalada en las pequeñas y medianas empresas de la República Dominicana /
Statement of responsibility, etc. Rolando M . Guzmán ; Marina Ortiz
260 ## - PUBLICATION, DISTRIBUTION, ETC. (IMPRINT)
Place of publication, distribution, etc. Santo Domingo :
Name of publisher, distributor, etc. Amigo del Hogar,
Date of publication, distribution, etc. 2007.
300 ## - PHYSICAL DESCRIPTION
Extent 68 p. :
Other physical details il., gráf. ;
Dimensions 23 cm.
504 ## - BIBLIOGRAPHY, ETC. NOTE
Bibliography, etc Bibliografía : p. 65-68
590 ## - LOCAL NOTE (RLIN)
Local note Inventariado, 2022/VM
650 #4 - SUBJECT ADDED ENTRY--TOPICAL TERM
Topical term or geographic name as entry element Microempresas
Geographic subdivision República Dominicana
General subdivision
650 #4 - SUBJECT ADDED ENTRY--TOPICAL TERM
Topical term or geographic name as entry element Pequeña y mediana empresa
General subdivision Diagnóstico
-- Metodología .
Geographic subdivision
650 #4 - SUBJECT ADDED ENTRY--TOPICAL TERM
Topical term or geographic name as entry element
700 1# - ADDED ENTRY--PERSONAL NAME
Personal name Ortíz, Marina
Relator term
710 2# - ADDED ENTRY--CORPORATE NAME
Corporate name or jurisdiction name as entry element Fondo para el Financiamiento de la Microempresa (República Dominicana)
710 2# - ADDED ENTRY--CORPORATE NAME
Corporate name or jurisdiction name as entry element Banco Mundial
910 ## - USER-OPTION DATA (OCLC)
User-option data VMateo V./Validado
942 ## - ADDED ENTRY ELEMENTS (KOHA)
Source of classification or shelving scheme Dewey Decimal Classification
Koha item type Libros
Existencias
Withdrawn status Lost status Source of classification or shelving scheme Damaged status Not for loan Collection code Home library Current library Date acquired Total Checkouts Full call number Barcode Date last seen Price effective from Koha item type
    Dewey Decimal Classification     Colección Dominicana Biblioteca Pública Metropolitana Salomé Ureña Biblioteca Pública Metropolitana Salomé Ureña 11/21/2022   BPMSU CD 338.642 G993t 2007 BPMSU22110022 11/21/2022 11/21/2022 Libros